Online
Catalog

Instructivo electoral para: (Record no. 55737)

MARC details
000 -CABECERA
campo de control de longitud fija 01377nam a2200265 i 4500
003 - IDENTIFICADOR DEL NÚMERO DE CONTROL
campo de control DO-SdBNP
005 - FECHA Y HORA DE LA ÚLTIMA TRANSACCIÓN
campo de control 20240122130006.0
006 - CÓDIGOS DE INFORMACIÓN DE LONGITUD FIJA--CARACTERÍSTICAS DEL MATERIAL ADICIONAL
campo de control de longitud fija a||||gr|||| 00| 0
007 - CAMPO FIJO DE DESCRIPCIÓN FÍSICA--INFORMACIÓN GENERAL
campo de control de longitud fija ta
008 - DATOS DE LONGITUD FIJA--INFORMACIÓN GENERAL
campo de control de longitud fija 240122e1989 |||a|||| |||| 00| 0 spa d
040 ## - FUENTE DE LA CATALOGACIÓN
Centro catalogador/agencia de origen DO-SdBNP
Lengua de catalogación spa
Centro/agencia transcriptor BNPHU
Normas de descripción rda
082 #4 - NÚMERO DE LA CLASIFICACIÓN DECIMAL DEWEY
Número de edición 22
Número de documento/Ítem A445
100 1# - ENTRADA PRINCIPAL--NOMBRE DE PERSONA
Nombre de persona Almánzar García, José Nicolás
Término indicativo de función/relación autor
9 (RLIN) 3006
245 10 - MENCIÓN DE TÍTULO
Título Instructivo electoral para:
Resto del título maestros- instructores- delegados políticos suplentes ante las mesas electorales- activistas /
Mención de responsabilidad, etc. José Nicolás Almánzar García.
264 ## - PRODUCCIÓN, PUBLICACIÓN, DISTRIBUCIÓN, FABRICACIÓN Y COPYRIGHT
Producción, publicación, distribución, fabricación y copyright Santo Domingo :
Nombre del de productor, editor, distribuidor, fabricante IFP,
Fecha de producción, publicación, distribución, fabricación o copyright 1996
300 ## - DESCRIPCIÓN FÍSICA
Extensión 45 páginas :
Otras características físicas Ilustraciones ;
Dimensiones 20 cm.
336 ## - TIPO DE CONTENIDO
Fuente rdacontent
Término de tipo de contenido texto
Código de tipo de contenido txt
337 ## - TIPO DE MEDIO
Fuente rdamedia
Nombre/término del tipo de medio sin mediación
Código del tipo de medio n
338 ## - TIPO DE SOPORTE
Fuente rdacarrier
Nombre/término del tipo de soporte volumen
Código del tipo de soporte nc
504 ## - NOTA DE BIBLIOGRAFÍA, ETC.
Nota de bibliografía, etc. Bibliografía: página 45.
505 ## - NOTA DE CONTENIDO CON FORMATO
Nota de contenido con formato Presentación.-- Primera parte.
Información miscelánea Primera parte
Título I. Quienes Pueden Votar en la República Dominicana.--
-- II. El Registor Electoral.--
-- III. Interpretación del Carnet Electoral.--
Información miscelánea Segunda parte.
Título IV. Estructura de una mesa electoral.--
Información miscelánea Tercera parte
Título V. El Delegado Político y su Integración en la Mesa Electoral.
-- Vi. Deberes y Funciones del Delegado Político.--
-- VII. Forma Prática de Votar.
-- Boleta.--Bibliografía.
590 ## - NOTA LOCAL (RLIN)
Nota local Inventariado 2024 / MF
710 2# - PUNTO DE ACCESO ADICIONAL--NOMBRE DE ENTIDAD CORPORATIVA
Nombre de entidad corporativa o nombre de jurisdicción como elemento de entrada Instituto de Formación Política del Partido Reformista Social Cristiano.
9 (RLIN) 55055
942 ## - ELEMENTOS DE PUNTO DE ACCESO ADICIONAL (KOHA)
Fuente del sistema de clasificación o colocación Dewey Decimal Classification
Tipo de ítem Koha Folleto
Holdings
Estado de retiro Estado de pérdida Fuente del sistema de clasificación o colocación Restricciones de uso No para préstamo Código de colección Localización permanente Ubicación/localización actual Ubicación en estantería Fecha de adquisición Fuente de adquisición Total de préstamos Signatura topográfica completa Código de barras Fecha visto por última vez Precio válido a partir de Tipo de ítem Koha
    Dewey Decimal Classification Excluido de préstamo   Patrimonio Dominicano Biblioteca Nacional Pedro Henríquez Ureña Biblioteca Nacional Pedro Henríquez Ureña En encuadernación 22.01.2024 Donado por Barbara Suncar   A445 2024-0372 22.01.2024 22.01.2024 Folleto

Powered by Koha